Manuel de Salas: contextos para la Historia de Chile

Guardat en:
Dades bibliogràfiques
Autor principal: Leal Ladrón de Guevara, Alejandra (Autor)
Format: Llibre
Idioma:espanyol
Publicat: Santiago Ril 2010
Edició:1a. ed
Matèries:
Etiquetes: Afegir etiqueta
Sense etiquetes, Sigues el primer a etiquetar aquest registre!

MARC

LEADER 00000cam a2200000 a 4500
001 UCD4336
003 CL-VaPUC
008 160708e20100000cl |||||||||||||||||spa|d
020 |a 9789562847810 
082 0 4 |a 983.04  |b LEA  |2 21 
100 |a Leal Ladrón de Guevara, Alejandra  |e author  |9 804508 
245 1 0 |a Manuel de Salas: contextos para la Historia de Chile 
250 |a 1a. ed 
300 |a 147 p 
942 |c BK 
945 |d 20160708 23:22:00  |a dcastane 
260 |a Santiago  |b Ril  |c 2010 
600 0 |a Salas, Manuel de  |9 443666 
650 7 |a HISTORIA DE CHILE SIGLO 18  |2 CL-VaPUC  |9 314072 
650 7 |a FILOSOFIA POLITICA  |2 CL-VaPUC  |9 588016 
583 |a last modification  |c 20160913 11:42:40  |k Rodrigo Vera 
999 |c 365258  |d 365256 
952 |0 0  |1 0  |3 erb  |4 0  |6 983_040000000000000_LEA_2010  |7 0  |8 A  |9 479049  |a FDOHBE  |b FDOHBE  |e Huesbe Llanos, Marco Antonio, 1934-  |i 5330203  |o 983.04 LEA 2010  |p 5330203  |r 2024-01-30  |w 2019-11-24  |y BK  |z Catalogado en:20160708  |k HBE